000 00734nam a22002177a 4500
003 OSt
005 20251126115959.0
008 251126b |||||||| |||| 00| 0 eng d
020 _a978-0-07-069967-0
040 _aDWC-Main lib.
_cOC
082 _2fourth edition.
_aCirc. 621.31042 K75e 2010
100 _aKothari, D. P.
245 _aElectric machines/
_cD. P. Kothari
260 _aNew Delhi, India :
_bTata McGraw-Hill Education Private limited,
_cc2010.
300 _axii, 914 pages :
_billustrations ;
_c24 cm.
504 _aIncludes index.
650 _a1. Electric machinery.
650 _a2. Electromechanical devices. I. Nagrath, I.J.
760 _bfourth edition.
942 _2ddc
_cBK-CIRC
_efourth edition.
_kCirc.
_n0
999 _c6392
_d6392